00530 a2200169 4500010001400000020002600014035001300040037001500053082001000068100001700078245011000095260004400205270004800249300002500297500001900322700001900341 aENG-86577 a9788120331884c275.00 aEN-70110 bDBAD / PUB14a005.3 aJoyce, Jerry1 a(Two thousand seven) 2007 microsoft office system :cby Jerry Joyce [and] Marianne Moonbplain & simple / aNew DelhibPrentice-Hall of Indiac2007 aM-97, Connaught Circus,bNew Delhie110 001 axv, 364pc18cm (pbk) aIncludes index aMoon, Marianne